=LDR 00000nam 2200000 4500 =001 NUTBA000000000005647 =005 20141105092007.0 =006 =007 =008 =035 ##$$a 0010-111400000000126 =040 ##$$a NBPDMAT =082 ##$$a 92( Thamrin ) =090 ##$$a 92 (Thamrin) $b Tan k =100 ##$$a Tanti Meranti =245 ##$$a Kearifan MH. Thamrin/ $c Tanti Meranti =250 ##$$a Cet.1 =260 ##$$a Jakarta : $b Rama Edukasitama, $c 2011 =300 ##$$a iv, 64 hlm. : $b ilus. ; $c 25 cm. =650 ##$$a Thamrin Muhammad Husni =850 ##$$a NBPDMAT